[Event "DRUGA LIGA SRBIJE-GRUPA VOJVODINA 2016"]
[Site "Kac"]
[Date "2016.11.20"]
[Round "8.2"]
[White "Vujadinovic, Goran"]
[Black "Petrusic, Velimir"]
[Result "1/2-1/2"]
[WhiteElo "2338"]
[BlackElo "2176"]
[PlyCount "109"]
[EventDate "2016.11.15"]

1. e4 d5 2. Nc3 d4 3. Nce2 e5 4. Ng3 Be6 5. Nf3 f6 6. Bd3 Nd7 7. Qe2 Nc5 8. Bc4
d3 9. Bxd3 Nxd3+ 10. cxd3 c5 11. O-O Qd7 12. b4 Rd8 13. bxc5 Bxc5 14. Bb2 Qxd3
15. Qxd3 Rxd3 16. Rfc1 b6 17. a4 Ne7 18. a5 Nc6 19. axb6 axb6 20. Ra8+ Rd8 21.
Rxd8+ Kxd8 22. Ne2 Bg4 23. d4 Bxf3 24. gxf3 Nxd4 25. Nxd4 exd4 26. Bxd4 Bxd4
27. Rd1 Kc7 28. Rxd4 Rd8 29. Rc4+ Kb7 30. f4 b5 31. Rb4 Kb6 32. e5 Kc5 33. Rb1
fxe5 34. fxe5 g5 35. Kg2 Re8 36. Re1 Kd5 37. Rd1+ Ke4 38. f3+ Kf5 39. Rd7 h6
40. Rf7+ Kxe5 41. Rb7 Kf4 42. Rxb5 Re2+ 43. Kg1 Kxf3 44. Rf5+ Kg4 45. Ra5 h5
46. Ra3 Kf4 47. Rb3 g4 48. Ra3 h4 49. Rb3 Re3 50. Rb8 Kf3 51. Rf8+ Ke4 52. Re8+
Kd3 53. Rd8+ Ke2 54. Rg8 Re4 55. Kg2 1/2-1/2

[Event "DRUGA LIGA SRBIJE-GRUPA VOJVODINA 2016"]
[Site "Kac"]
[Date "2016.11.20"]
[Round "8.2"]
[White "Labus, Vladislav"]
[Black "Stanojevic, Branko"]
[Result "0-1"]
[WhiteElo "2061"]
[BlackElo "2221"]
[PlyCount "78"]
[EventDate "2016.11.15"]

1. e4 e6 2. d4 d5 3. e5 Ne7 4. Bd3 b6 5. Ne2 Ba6 6. O-O c5 7. c3 Bxd3 8. Qxd3
Nbc6 9. Bg5 Qd7 10. Bd2 h5 11. Na3 h4 12. h3 Nf5 13. Nc2 Be7 14. b3 Rc8 15.
Rac1 O-O 16. g4 hxg3 17. Nxg3 cxd4 18. cxd4 Rc7 19. Kh1 Rfc8 20. Nh5 g6 21. Rg1
Kh7 22. Qf3 Nxe5 23. dxe5 Rxc2 24. Rcd1 d4 25. Ng3 Rxa2 26. Qf4 Rcc2 27. Nxf5
Qc6+ 28. Kh2 exf5 29. Qh6+ Kg8 30. Rc1 Bf8 31. Qg5 Qe6 32. Rxc2 Rxc2 33. Re1 a5
34. Qf4 Rxd2 35. Qxd2 Bb4 36. Qe2 d3 37. Qe3 Bxe1 38. Qxe1 Qxb3 39. Qe3 Qd5 0-1

[Event "DRUGA LIGA SRBIJE-GRUPA VOJVODINA 2016"]
[Site "Kac"]
[Date "2016.11.20"]
[Round "8.2"]
[White "Mijatovic, Dejan"]
[Black "Mandic, Milenko"]
[Result "1-0"]
[WhiteElo "2248"]
[BlackElo "1894"]
[PlyCount "63"]
[EventDate "2016.11.15"]

1. d4 Nf6 2. c4 g6 3. Nc3 Bg7 4. e4 d6 5. f3 Nbd7 6. Be3 e5 7. Nge2 exd4 8.
Nxd4 Ne5 9. Qd2 Bd7 10. Be2 Nc6 11. Nc2 a6 12. O-O O-O 13. Bg5 Qc8 14. Rad1 b6
15. Bh6 Ne8 16. Bxg7 Nxg7 17. f4 Bg4 18. Bxg4 Qxg4 19. Ne3 Qd7 20. f5 f6 21.
fxg6 hxg6 22. Ned5 Ne8 23. Nf4 Qf7 24. Nxg6 Qxg6 25. Qd5+ Rf7 26. Qxc6 Rd8 27.
Rd3 Kf8 28. Rg3 Qh6 29. Rh3 Qg7 30. Rf5 d5 31. Rfh5 Rfd7 32. Qe6 1-0

[Event "DRUGA LIGA SRBIJE-GRUPA VOJVODINA 2016"]
[Site "Kac"]
[Date "2016.11.20"]
[Round "8.2"]
[White "Stamenkovic, Aleksandar"]
[Black "Kovacevic, Dragan"]
[Result "1/2-1/2"]
[WhiteElo "2203"]
[BlackElo "2235"]
[PlyCount "40"]
[EventDate "2016.11.15"]

1. Nf3 d6 2. d4 Nf6 3. c3 Nbd7 4. Nbd2 c6 5. e4 e5 6. Bd3 Be7 7. O-O O-O 8. Re1
Re8 9. Nf1 Bf8 10. Ng3 g6 11. Qb3 Qb6 12. Bc4 Qxb3 13. Bxb3 a5 14. a4 Bg7 15.
Be3 h6 16. Rad1 Bf8 17. h3 Kg7 18. Rd2 Rb8 19. d5 c5 20. c4 b6 1/2-1/2

[Event "DRUGA LIGA SRBIJE-GRUPA VOJVODINA 2016"]
[Site "Kac"]
[Date "2016.11.20"]
[Round "8.2"]
[White "Kovacevic, Djordje"]
[Black "Ljubisavljevic, Zivojin Z"]
[Result "1/2-1/2"]
[WhiteElo "2105"]
[BlackElo "2125"]
[PlyCount "51"]
[EventDate "2016.11.15"]

1. d4 Nf6 2. Nf3 e6 3. Bg5 c5 4. e3 Qb6 5. Qc1 Ne4 6. Bf4 d5 7. c3 Nc6 8. Nbd2
f5 9. Be2 Be7 10. O-O O-O 11. Nxe4 fxe4 12. Ne5 Nxe5 13. Bxe5 Bd7 14. Qd2 Bb5
15. a4 Bxe2 16. Qxe2 Bd6 17. Bxd6 Qxd6 18. Qb5 c4 19. a5 a6 20. Qa4 b5 21. axb6
Rfb8 22. f3 exf3 23. Rxf3 Rxb6 24. Rf2 Qc6 25. Qa3 Qd6 26. Qa4 1/2-1/2

[Event "DRUGA LIGA SRBIJE-GRUPA VOJVODINA 2016"]
[Site "Kac"]
[Date "2016.11.20"]
[Round "8.2"]
[White "Reljic, Zoran"]
[Black "Skoko, Milan"]
[Result "0-1"]
[WhiteElo "2126"]
[BlackElo "2128"]
[PlyCount "92"]
[EventDate "2016.11.15"]

1. e4 c5 2. Nf3 Nc6 3. d4 cxd4 4. Nxd4 Nf6 5. Nc3 e5 6. Ndb5 d6 7. Bg5 a6 8.
Na3 Be6 9. Nd5 Bxd5 10. Qxd5 Nxd5 11. Bxd8 Kxd8 12. exd5 Ne7 13. Nc4 Kc7 14.
O-O-O g6 15. Nxe5 dxe5 16. d6+ Kc6 17. dxe7 Bxe7 18. Bc4 f5 19. Bd5+ Kc7 20. c4
Rad8 21. f3 a5 22. Kc2 Bc5 23. a4 Rhf8 24. Rhe1 Rde8 25. Re2 Re7 26. b3 Rfe8
27. Kd3 Kb6 28. Rde1 Bb4 29. Rf1 Rf8 30. h3 h5 31. Rd1 h4 32. Rh1 Kc5 33. Rd1
Rd8 34. Kc2 Kb6 35. Rf1 g5 36. f4 gxf4 37. Rf3 Bc5 38. Rf1 Be3 39. Rxe3 fxe3
40. Rxf5 e4 41. Rf4 Kc5 42. Rxh4 Kd4 43. Rf4 b6 44. h4 Rxd5 45. cxd5 Rc7+ 46.
Kd1 Kd3 0-1

[Event "DRUGA LIGA SRBIJE-GRUPA VOJVODINA 2016"]
[Site "Kac"]
[Date "2016.11.20"]
[Round "8.3"]
[White "Sekulic, Dusan"]
[Black "Babic, Djordje"]
[Result "1-0"]
[WhiteElo "2218"]
[BlackElo "2038"]
[PlyCount "26"]
[EventDate "2016.11.15"]

1. d4 d5 2. Nf3 e6 3. c4 c6 4. Nbd2 f5 5. g3 Nf6 6. Bg2 b6 7. O-O Bd6 8. Ne5
Bxe5 9. dxe5 Nfd7 10. cxd5 cxd5 11. Nc4 Nc5 12. Nd6+ Kf8 13. Bxd5 Nc6 1-0

[Event "DRUGA LIGA SRBIJE-GRUPA VOJVODINA 2016"]
[Site "Kac"]
[Date "2016.11.20"]
[Round "8.3"]
[White "Milankov, Vladimir"]
[Black "Mastrapovic, Vladimir"]
[Result "0-1"]
[WhiteElo "1963"]
[BlackElo "2289"]
[PlyCount "56"]
[EventDate "2016.11.15"]

1. e4 c5 2. Nf3 Nc6 3. d4 cxd4 4. Nxd4 Nf6 5. Nc3 e5 6. Ndb5 d6 7. Be2 a6 8.
Na3 b5 9. Ncb1 Nd4 10. c3 Nxe2 11. Qxe2 Bb7 12. f3 Be7 13. O-O O-O 14. Be3 d5
15. exd5 Nxd5 16. Bf2 Re8 17. g3 Qc7 18. Nc2 Qc6 19. Nd2 Qg6 20. Ne1 Nf4 21.
Qxe5 Nh3+ 22. Kg2 Ba3 23. Qc7 Re7 24. Qb6 Nf4+ 25. Kh1 Bxb2 26. Qc5 Nd5 27. Rd1
Rd8 28. Qa7 Ne3 0-1

[Event "DRUGA LIGA SRBIJE-GRUPA VOJVODINA 2016"]
[Site "Kac"]
[Date "2016.11.20"]
[Round "8.3"]
[White "Azaric, Slavko"]
[Black "Vujovic, Milorad M"]
[Result "1-0"]
[WhiteElo "2283"]
[BlackElo "2069"]
[PlyCount "99"]
[EventDate "2016.11.15"]

1. e4 c6 2. d3 d5 3. Nf3 dxe4 4. dxe4 Qxd1+ 5. Kxd1 Bg4 6. Be2 Nd7 7. Nfd2
Bxe2+ 8. Kxe2 e5 9. Nb3 O-O-O 10. Be3 b6 11. a4 Nb8 12. a5 Kb7 13. axb6 axb6
14. N1d2 Bd6 15. Nc4 Bc7 16. Nc1 Ne7 17. Nd3 f6 18. b4 Nd7 19. b5 c5 20. Rhd1
Ra8 21. Rxa8 Rxa8 22. Nf4 Nf8 23. Nh5 Ne6 24. Rd7 Nc8 25. Nxg7 Nxg7 26. Rxg7
Ra4 27. Kd3 Rb4 28. Rxh7 Rxb5 29. Rf7 Rb1 30. Rxf6 b5 31. Nd2 c4+ 32. Ke2 Rb2
33. Kd1 Nd6 34. Bc5 Kc6 35. Ba3 Ra2 36. Bb4 Ra1+ 37. Ke2 Rc1 38. c3 Kd7 39. h4
Rc2 40. f3 Nb7 41. Rf7+ Kc6 42. h5 Ba5 43. Kd1 Ra2 44. h6 Bxb4 45. h7 Ra1+ 46.
Kc2 Rh1 47. cxb4 Nd6 48. Re7 Rh2 49. Nf1 Rh5 50. g4 1-0

[Event "DRUGA LIGA SRBIJE-GRUPA VOJVODINA 2016"]
[Site "Kac"]
[Date "2016.11.20"]
[Round "8.3"]
[White "Vincilov, Dusan"]
[Black "Zegarac, Vuk"]
[Result "0-1"]
[WhiteElo "2277"]
[BlackElo "2233"]
[PlyCount "58"]
[EventDate "2016.11.15"]

1. d4 d5 2. e3 Nf6 3. f4 g6 4. Nf3 Bg7 5. Nbd2 O-O 6. Bd3 b6 7. Qe2 c5 8. c3
Bb7 9. O-O Nbd7 10. Ne5 Ne4 11. Nxe4 dxe4 12. Bc4 e6 13. Bd2 Rc8 14. Bb5 Nb8
15. Qf2 f6 16. Bc4 Bd5 17. Bxd5 exd5 18. Ng4 h5 19. Qh4 hxg4 20. Qxg4 f5 21.
Qxg6 Qe8 22. Qg5 Rc6 23. Qg3 Rg6 24. Qf2 Nd7 25. Be1 Nf6 26. Rc1 Qb5 27. Qd2
Ng4 28. Bg3 Qd3 29. Qe1 Qxe3+ 0-1

[Event "DRUGA LIGA SRBIJE-GRUPA VOJVODINA 2016"]
[Site "Kac"]
[Date "2016.11.20"]
[Round "8.3"]
[White "Vujasinovic, Mihajlo"]
[Black "Tomic, Zivan"]
[Result "1/2-1/2"]
[WhiteElo "2133"]
[BlackElo "2058"]
[PlyCount "47"]
[EventDate "2016.11.15"]

1. c4 Nf6 2. Nf3 d6 3. d4 Nbd7 4. g3 c6 5. Nc3 e5 6. Bg2 Be7 7. O-O O-O 8. e4
Re8 9. a3 Qc7 10. b4 a6 11. dxe5 dxe5 12. Qe2 Nf8 13. h3 Ng6 14. Be3 h6 15.
Rab1 b5 16. Rfc1 Qb7 17. Nd2 Be6 18. a4 Rab8 19. axb5 axb5 20. c5 Red8 21. Ra1
Ra8 22. Kh2 Rxa1 23. Rxa1 Ra8 24. Qe1 1/2-1/2

[Event "DRUGA LIGA SRBIJE-GRUPA VOJVODINA 2016"]
[Site "Kac"]
[Date "2016.11.20"]
[Round "8.3"]
[White "Ilicin, Mladen"]
[Black "Stankovic, Milos M"]
[Result "1-0"]
[WhiteElo "2051"]
[BlackElo "1816"]
[PlyCount "137"]
[EventDate "2016.11.15"]

1. e4 e5 2. Nf3 Nc6 3. d4 exd4 4. c3 d5 5. exd5 Qxd5 6. cxd4 Bg4 7. Be2 Bb4+ 8.
Nc3 Bxf3 9. Bxf3 Qc4 10. Be3 Bxc3+ 11. bxc3 Qxc3+ 12. Kf1 Nge7 13. Rc1 Qa5 14.
Rc5 Qa6+ 15. Be2 Qxa2 16. Bc4 Qa3 17. Bc1 Qb4 18. Bd2 Qb2 19. Bc3 Qa3 20. Qe2
O-O 21. Bb2 Qb4 22. Rb5 Qd6 23. d5 a6 24. Rb3 Na5 25. Ba3 Qh6 26. Rh3 Qf4 27.
Bd3 Ng6 28. Bxf8 Rxf8 29. Re3 Qa4 30. g3 f5 31. Qc2 Qxc2 32. Bxc2 c5 33. dxc6
Nxc6 34. f4 Nge7 35. Kf2 b5 36. Bb3+ Kh8 37. Rhe1 a5 38. Rxe7 Nxe7 39. Rxe7 a4
40. Be6 Rb8 41. Bxf5 b4 42. Ra7 g6 43. Be4 a3 44. h4 Rc8 45. h5 gxh5 46. Rxh7+
Kg8 47. Rb7 a2 48. Bd5+ Kf8 49. Ra7 Rc2+ 50. Kf3 b3 51. Bxb3 Rc3+ 52. Kg2 Rxb3
53. Rxa2 Kg7 54. Kh3 Rb1 55. Kh4 Rh1+ 56. Kg5 Rh3 57. Rg2 Kf7 58. f5 Kg7 59.
Kf4 Kf6 60. Ra2 h4 61. g4 Rh1 62. g5+ Ke7 63. Ra7+ Kf8 64. g6 h3 65. f6 Rf1+
66. Kg5 Ke8 67. f7+ Kf8 68. Ra8+ Ke7 69. Re8+ 1-0

[Event "DRUGA LIGA SRBIJE-GRUPA VOJVODINA 2016"]
[Site "Kac"]
[Date "2016.11.20"]
[Round "8.4"]
[White "Czebe, Attila"]
[Black "Cabarkapa, Novak"]
[Result "1/2-1/2"]
[WhiteElo "2482"]
[BlackElo "2413"]
[PlyCount "20"]
[EventDate "2016.11.15"]

1. e4 d5 2. exd5 Qxd5 3. Nc3 Qd6 4. d4 Nf6 5. Nf3 g6 6. g3 Bg7 7. Bg2 Qa6 8.
Bf1 Qd6 9. Bg2 Qa6 10. Bf1 Qd6 1/2-1/2

[Event "DRUGA LIGA SRBIJE-GRUPA VOJVODINA 2016"]
[Site "Kac"]
[Date "2016.11.20"]
[Round "8.5"]
[White "Somborski, Nebojsa"]
[Black "Pezelj, Novak"]
[Result "1/2-1/2"]
[WhiteElo "2327"]
[BlackElo "2447"]
[PlyCount "47"]
[EventDate "2016.11.15"]

1. e4 c5 2. Nf3 e6 3. d4 cxd4 4. Nxd4 Nc6 5. Nb5 d6 6. c4 Nf6 7. N1c3 a6 8. Na3
Qa5 9. Bd2 Be7 10. Be2 O-O 11. O-O Qe5 12. Bf3 Nd4 13. Nc2 Nxf3+ 14. Qxf3 Bd7
15. Rac1 Rfc8 16. b3 b5 17. Bf4 Qh5 18. Ne3 Bc6 19. Rfd1 b4 20. Ne2 Qc5 21. Ng3
Rd8 22. Nc2 Qb6 23. Qe2 a5 24. Nd4 1/2-1/2

[Event "DRUGA LIGA SRBIJE-GRUPA VOJVODINA 2016"]
[Site "Kac"]
[Date "2016.11.20"]
[Round "8.5"]
[White "Varga, Zoltan"]
[Black "Strbac, Mladen"]
[Result "1-0"]
[WhiteElo "2418"]
[BlackElo "2318"]
[PlyCount "81"]
[EventDate "2016.11.15"]

1. d4 d6 2. e4 Nf6 3. f3 d5 4. exd5 Nxd5 5. c4 Nb6 6. Be3 g6 7. Nc3 Bg7 8. Qd2
e5 9. O-O-O exd4 10. Bxd4 Qxd4 11. Qxd4 Bxd4 12. Rxd4 Nc6 13. Rd2 Be6 14. b3
O-O 15. Nge2 Rfd8 16. Rxd8+ Rxd8 17. Nf4 Nd4 18. Bd3 Bf5 19. Rd1 Bxd3 20. Nxd3
Nf5 21. Nc5 Rxd1+ 22. Kxd1 Nd6 23. Nb5 Nxb5 24. cxb5 Nd5 25. Nxb7 Nc3+ 26. Kd2
Nxa2 27. Na5 Nb4 28. Kc3 Nd5+ 29. Kd4 Ne7 30. Kc5 Kf8 31. Nc6 Nc8 32. Nb4 Ke8
33. Kc6 Nd6 34. g4 h5 35. Nd5 hxg4 36. fxg4 Kd8 37. h4 f5 38. Nxc7 Nxb5 39.
Nxb5 fxg4 40. Nd4 g3 41. Kd6 1-0

[Event "DRUGA LIGA SRBIJE-GRUPA VOJVODINA 2016"]
[Site "Kac"]
[Date "2016.11.20"]
[Round "8.5"]
[White "Todorovic, Nenad I"]
[Black "Farkas, Tibor"]
[Result "0-1"]
[WhiteElo "2249"]
[BlackElo "2272"]
[PlyCount "96"]
[EventDate "2016.11.15"]

1. e4 c5 2. Nf3 d6 3. d4 cxd4 4. Nxd4 Nf6 5. Nc3 a6 6. Be3 e6 7. f3 d5 8. e5
Nfd7 9. f4 Qb6 10. Qd2 Qxb2 11. Rb1 Qa3 12. Be2 Bb4 13. Rb3 Qa5 14. a3 Bc5 15.
O-O Nc6 16. Kh1 O-O 17. f5 exf5 18. Nxf5 Ndxe5 19. Qxd5 Bxe3 20. Nxe3 Be6 21.
Qxa5 Nxa5 22. Rbb1 Rac8 23. Ne4 h6 24. Kg1 Rc6 25. g3 f5 26. Nf2 Rc3 27. Nd3
Nec4 28. Nxc4 Bxc4 29. Nf4 Rxc2 30. Bxc4+ Rxc4 31. Ng6 Rf6 32. Ne7+ Kh7 33.
Rxf5 Rxf5 34. Nxf5 Ra4 35. Rd1 Kg6 36. Ne7+ Kf7 37. Nc8 Rxa3 38. Rd7+ Kf6 39.
Rd6+ Ke5 40. Rb6 Rb3 41. Rg6 Nc4 42. Kf2 a5 43. Rg4 b5 44. Na7 Rb2+ 45. Ke1 Kd5
46. Rxg7 a4 47. Rd7+ Kc5 48. Rd1 a3 0-1

[Event "DRUGA LIGA SRBIJE-GRUPA VOJVODINA 2016"]
[Site "Kac"]
[Date "2016.11.20"]
[Round "8.5"]
[White "Jesenski, Tibor"]
[Black "Perisic, Radivoj"]
[Result "1-0"]
[WhiteElo "2345"]
[BlackElo "2276"]
[PlyCount "77"]
[EventDate "2016.11.15"]

1. Nf3 c5 2. c4 Nf6 3. Nc3 e6 4. g3 b6 5. Bg2 Bb7 6. O-O Be7 7. Re1 Ne4 8. Qc2
Nxc3 9. bxc3 Nc6 10. d4 Na5 11. Qd3 Ba6 12. Ne5 Rc8 13. d5 Bf6 14. Bf4 g5 15.
dxe6 fxe6 16. Qf3 O-O 17. Qg4 Qe7 18. Rad1 Bxe5 19. Bxe5 Nxc4 20. Bf4 h6 21. h4
Rf5 22. hxg5 hxg5 23. e4 Rf7 24. Bxg5 Ne5 25. Qh4 Qf8 26. Bh6 Qd8 27. Bg5 Qf8
28. f4 Rh7 29. fxe5 Rxh4 30. gxh4 Bb5 31. Re3 Kh7 32. c4 Qg7 33. cxb5 Qxe5 34.
Rxd7+ Kg6 35. Rf3 c4 36. Rdf7 Kh5 37. R3f6 Qa1+ 38. Kh2 Qe5+ 39. Kh3 1-0

[Event "DRUGA LIGA SRBIJE-GRUPA VOJVODINA 2016"]
[Site "Kac"]
[Date "2016.11.20"]
[Round "8.5"]
[White "Vulin, Milorad"]
[Black "Kumic, Filip"]
[Result "0-1"]
[WhiteElo "2044"]
[BlackElo "2313"]
[PlyCount "50"]
[EventDate "2016.11.15"]

1. e4 c5 2. Nf3 d6 3. d4 cxd4 4. Nxd4 Nf6 5. Nc3 a6 6. Bc4 e6 7. Bb3 Nbd7 8. f3
Nc5 9. Be3 Qc7 10. Qd2 Be7 11. O-O-O Nxb3+ 12. Nxb3 O-O 13. Kb1 b5 14. g4 Bb7
15. h4 b4 16. Ne2 Rfc8 17. h5 Nd7 18. g5 Ne5 19. Ned4 Nc4 20. Qd3 Nxe3 21. Qxe3
a5 22. Rd2 a4 23. Nc1 a3 24. Rg1 axb2 25. Kxb2 Qc3+ 0-1

[Event "DRUGA LIGA SRBIJE-GRUPA VOJVODINA 2016"]
[Site "Kac"]
[Date "2016.11.20"]
[Round "8.5"]
[White "Arbutina, Sinisa"]
[Black "Brajic, Djordje"]
[Result "1-0"]
[WhiteElo "2356"]
[BlackElo "2243"]
[PlyCount "81"]
[EventDate "2016.11.15"]

1. d4 Nf6 2. Nf3 d5 3. Bf4 e6 4. e3 Bd6 5. Bg3 O-O 6. Bd3 Nbd7 7. Nbd2 Re8 8.
Ne5 Nf8 9. Qf3 Bxe5 10. dxe5 N6d7 11. O-O Nc5 12. Be2 Ng6 13. Qh5 b6 14. b4 Na4
15. Nf3 Bd7 16. Ng5 Nc3 17. Bd3 Ne4 18. Qxh7+ Kf8 19. Nxe4 dxe4 20. Bxe4 Qg5
21. f4 Qh6 22. Qxh6 gxh6 23. Bxa8 Rxa8 24. a4 Bc6 25. Rfd1 Ne7 26. Be1 Nd5 27.
Kf2 b5 28. g3 f6 29. axb5 Bxb5 30. e4 Nb6 31. exf6 Kf7 32. Bc3 a6 33. Bd4 Nc4
34. e5 h5 35. h3 Kg6 36. g4 hxg4 37. hxg4 Bc6 38. Bc5 Rh8 39. Kg3 Ra8 40. Rd3
Be4 41. Rd7 1-0

[Event "DRUGA LIGA SRBIJE-GRUPA VOJVODINA 2016"]
[Site "Kac"]
[Date "2016.11.20"]
[Round "8.6"]
[White "Milanovic, Stanko"]
[Black "Drazic, Sinisa"]
[Result "0-1"]
[WhiteElo "2150"]
[BlackElo "2415"]
[PlyCount "60"]
[EventDate "2016.11.15"]

1. e4 e6 2. d4 d5 3. Nd2 a6 4. a3 c5 5. c3 cxd4 6. cxd4 dxe4 7. Nxe4 Bd7 8. Nf3
Bc6 9. Bd3 Nd7 10. O-O Ngf6 11. Re1 Be7 12. b4 Bxe4 13. Bxe4 Nxe4 14. Rxe4 O-O
15. Qd3 a5 16. Rg4 Nf6 17. Rg3 Bd6 18. Rh3 axb4 19. a4 Be7 20. g4 Qd5 21. Bg5
g6 22. Rg3 Rfc8 23. Bd2 Ne4 24. Rh3 Bf8 25. Ne5 f6 26. Nd7 Qxd7 27. Qxe4 Rc4
28. Be3 Qd5 29. Qxd5 exd5 30. f4 Rc3 0-1

[Event "DRUGA LIGA SRBIJE-GRUPA VOJVODINA 2016"]
[Site "Kac"]
[Date "2016.11.20"]
[Round "8.6"]
[White "Mik, Aurel"]
[Black "Rogac, Srdjan"]
[Result "0-1"]
[WhiteElo "2059"]
[BlackElo "2387"]
[PlyCount "62"]
[EventDate "2016.11.15"]

1. e4 c5 2. Nc3 Nc6 3. g3 g6 4. Bg2 Bg7 5. Nge2 e5 6. d3 Nge7 7. Be3 Nd4 8. Qd2
d6 9. O-O Bg4 10. f3 Be6 11. Nd1 O-O 12. c3 Nxe2+ 13. Qxe2 Qd7 14. f4 exf4 15.
Bxf4 d5 16. Nf2 Nc6 17. exd5 Bxd5 18. Ne4 Rae8 19. Qc2 b6 20. Rae1 Re6 21. Ng5
Rxe1 22. Rxe1 Bxg2 23. Qxg2 h6 24. Nh3 g5 25. Bc1 Ne5 26. Nf2 g4 27. Rd1 Nf3+
28. Kh1 f5 29. Bf4 Re8 30. h3 h5 31. hxg4 hxg4 0-1

[Event "DRUGA LIGA SRBIJE-GRUPA VOJVODINA 2016"]
[Site "Kac"]
[Date "2016.11.20"]
[Round "8.6"]
[White "Radlovacki, Jovan"]
[Black "Rajin, Milan"]
[Result "1-0"]
[WhiteElo "2328"]
[BlackElo "1995"]
[PlyCount "29"]
[EventDate "2016.11.15"]

1. e4 e5 2. Nf3 Nc6 3. Bb5 d6 4. c3 Nf6 5. d4 Bd7 6. O-O Ne7 7. Bc4 Bg4 8. Qb3
Bxf3 9. Bxf7+ Kd7 10. Be6+ Kc6 11. d5+ Nexd5 12. exd5+ Bxd5 13. Bxd5+ Nxd5 14.
Qc4+ Kd7 15. Qxd5 1-0